00704nam a22001937a 4500999001900000005001700019010001500036020002600051035001400077037000900091082001200100100001500112245005000127260003600177270011300213300002000326942002600346952013800372 c186868d18686820220321173554.0 aENG-132055 a9789387234246c150.00 aEN-115587 bDBAD a375.001 aRaju, C.S. aHolistic Development For Teachers/cC.S. Raju aChennaibCoral Publishersc2018 aNo. 8, 6th Cross, 8th Main Road, Vaishnavi Nagar, ThirumullaivoyalbChennaie600109mumi.infobooks@gmail.com a160pc21cm(pbk) 2ddccENh375.001mRAJ 001040718NFICaDBADbDBADd2022-03-21eDBAD/PUBg150.00l0o375.001 RAJpEN-115587r2022-03-21 00:00:00t1v150.00w2022-03-21yEN